College Chemistry (Record no. 28182)

MARC details
000 -LEADER
fixed length control field 00429nam a2200145Ia 4500
008 - FIXED-LENGTH DATA ELEMENTS--GENERAL INFORMATION
fixed length control field 211109s9999||||xx |||||||||||||| ||und||
082 ## - DEWEY DECIMAL CLASSIFICATION NUMBER
Classification number 540
Item number BRI-C
100 ## - MAIN ENTRY--PERSONAL NAME
Personal name Briscoe, Herman T
245 #0 - TITLE STATEMENT
Title College Chemistry
260 ## - PUBLICATION, DISTRIBUTION, ETC.
Name of publisher, distributor, etc. Houghton Mifflin Company
Place of publication, distribution, etc. U.S.A
Date of publication, distribution, etc. 1951
300 ## - PHYSICAL DESCRIPTION
Extent 564p.
630 ## - SUBJECT ADDED ENTRY--UNIFORM TITLE
General subdivision General Stack
650 ## - SUBJECT ADDED ENTRY--TOPICAL TERM
Topical term or geographic name entry element Chemistry
942 ## - ADDED ENTRY ELEMENTS (KOHA)
Koha item type BOOK
650 ## - SUBJECT ADDED ENTRY--TOPICAL TERM
Form subdivision Chemistry & allied sciences Natural sciences & mathematics
General subdivision Chemistry
Holdings
Withdrawn status Lost status Damaged status Not for loan Home library Current library Date acquired Cost, normal purchase price Total Checkouts Full call number Barcode Shelving location Date last seen Price effective from Koha item type
        SB LIBRARY SB LIBRARY 09/11/2021 100.00   540 BRI-C 00029010 GENERAL STACK 09/11/2021 09/11/2021 BOOK

Powered by Koha